000 00577nam a22001817a 4500
999 _c172366
_d172366
005 20200204142027.0
010 _aENG-127626
020 _a9789384061982
_c299.00
035 _aEN-111158
037 _bDBAD/PUB
082 _a332.024014
100 _aMashruwala,Gaurav
245 _aLife Planning for Retirees Money and Beyond /
_bby Gaurav Mashruwala
260 _aMumbai
_bBestsellers18
_c2013
270 _bMumbai
_aB-23,Royal Industrial Estate,5-B, Naigun Cross Road,Wadala
_e400013
300 _a132p.
_b20cm(pbk)
942 _2ddc
_cEN
_h332.024014
_mMAS